Mixed Word: Mystery Theme Quiz Stats

 Plays Quiz Updated Jan 26, 2012

Support Sporcle.
Go Orange.
Score 0/16 Timer 04:00
0 Plays Today
Hint Answer % Correct
DBEBed
97.8%
KRAMMark
97.5%
LFLAFall
97%
MARTSSmart
96.5%
SLGASGlass
95.1%
THRIBBirth
93.9%
RTNOFFront
92.7%
LOOPPolo
91.9%
Hint Answer % Correct
POUTSSpout
90.1%
LOOBALNBalloon
89.8%
NLEMOMelon
86.2%
BLETTOBottle
69.6%
DUNERUnder
67.9%
NESTCHTUChestnut
64.1%
Common themeWater
53.9%
ABFFLOUBuffalo
49.9%

From the Vault

Graduating Dogs

by sbme

One of these graduates just might go on to be the next Benji or Marmaduke. Their owners must be so proud.
Remove Ads.
Support Sporcle.
Get the best of Sporcle when you Go Orange. This ad-free experience offers more features, more stats, and more fun while also helping to support Sporcle. Thank you for becoming a member.

Show Comments

Extras

Top Quizzes Today


Score Distribution

Your Account Isn't Verified!

In order to create a playlist on Sporcle, you need to verify the email address you used during registration. Go to your Sporcle Settings to finish the process.

Report this User

Report this user for behavior that violates our Community Guidelines.

Details: